Desarrollo de la agricultura colombiana (Registro nro. 273985)

Detalles MARC
000 -ENCABEZADO
Número de control [NR] 01083 a2200289 4500
005 - FECHA Y HORA DE LA ÚLTIMA TRANSACCIÓN
control field 20140903175132.0
008 - DE LONGITUD FIJA DE DATOS DE ELEMENTOS - INFORMACIÓN GENERAL
Elementos de longitud fija [NR] 140723s2014 ck d | |||| 00| 0 spa d
020 ## - NUMERO INTERNACIONAL NORMALIZADO PARA LIBROS [R]
Número Internacional Normalizado del libro [NR] 9789585796393
040 ## - FUENTE DE CATALOGACION [NR]
Agencia de catalogación original [NR] CO-BoUCM
Quien Cataloga Jose A. Gerena
Quien Clasifica Jose A. Gerena
041 0# - CODIGO DE IDIOMA [R]
Código de idioma para texto/pista de sonido o título separado [R] Español
100 1# - ASIENTO PRINCIPAL--NOMBRE PERSONAL [NR]
Nombre personal [NR] Junguito, Roberto
ID Autoridad 2022
245 ## - MENCION DE TITULO [NR]
Título [NR] Desarrollo de la agricultura colombiana
Mención de responsabilidad, etc. [NR] Roberto Junguito, Juan José Perfetti, Alejandro Becerra
260 ## - PUBLICACION, DISTRIBUCION, ETC. (PIE DE IMPRENTA) [R]
Fecha de publicación, distribución, etc. [R] 2014
Nombre del editor, distribuidor, etc. [R] Fedesarrollo
Lugar de publicación, distribución, etc. [R] Bogotá (Colombia)
300 ## - DESCRIPCION FISICA [R]
Extensión [R] 70 páginas
Otros detalles físicos [NR] cuadros, gráficas
490 ## - MENCION DE SERIE [R]
Mención de serie [R] Cuadernos Fedesarrollo
Designación numérica/secuencial del volumen [NR] 48
650 #7 - ASIENTO SECUNDARIO DE MATERIA - TERMINO TEMATICO [R]
9 (RLIN) 8719
Término temático o nombre geográfico como elemento de entrada [NR] Agricultura
Subdivisión general [R] Asistencia social
Subdivisión geográfica [R] Colombia
650 #7 - ASIENTO SECUNDARIO DE MATERIA - TERMINO TEMATICO [R]
Término temático o nombre geográfico como elemento de entrada [NR] Agricultura
Subdivisión general [R] Aspectos económicos
Subdivisión geográfica [R] Colombia
9 (RLIN) 52063
650 #7 - ASIENTO SECUNDARIO DE MATERIA - TERMINO TEMATICO [R]
Término temático o nombre geográfico como elemento de entrada [NR] Agricultura
Subdivisión geográfica [R] Colombia
9 (RLIN) 28639
650 #7 - ASIENTO SECUNDARIO DE MATERIA - TERMINO TEMATICO [R]
Término temático o nombre geográfico como elemento de entrada [NR] Gastos públicos
Subdivisión geográfica [R] Colombia
9 (RLIN) 16283
651 #4 - ASIENTO SECUNDARIO DE MATERIA - NOMBRE GEOGRAFICO [R]
Nombre geográfico [NR] Colombia
Subdivisión general [R] Condiciones rurales
9 (RLIN) 32091
690 ## - ASUNTO AGREGADO LOCAL DE ENTRADA - TÉRMINO TEMÁTICO (OCLC, RLIN)
9 (RLIN) 42739
Acceso temático local Agricultura
700 1# - ASIENTO SECUNDARIO - NOMBRE PERSONAL [R]
Nombre personal [NR] Becerra, Alejandro
9 (RLIN) 63952
700 1# - ASIENTO SECUNDARIO - NOMBRE PERSONAL [R]
Nombre personal [NR] Perfeti, Juan José
9 (RLIN) 63951
710 2# - ASIENTO SECUNDARIO - NOMBRE CORPORATIVO [R]
Nombre corporativo o de jurisdicción como elemento de entrada [NR] Fedesarrollo
9 (RLIN) 63953
942 ## - ELEMENTOS DE ENTRADA AGREGADOS (KOHA)
Tema principal Economía
Tipo de ítem principal el descrito en 300a Libro
Edición 1
Parte restante de la signatura top. J865
Sistema de clasificación DEWEY
Clasificación 338.18861
Existencias
Fecha de último préstamo Total préstamos Total Renewals Signatura topográfica Código de barras Última vez visto Ejemplar Costo de reposición Price effective from Tipo de ítem Perdido Sistema de clasificación Dañado No prestable Tipo de ítem específico Suprimido Ubicación habitual Ubicación actual Localización Fecha de creación Proveedor Forma de adquisición Costo
08/05/2019 4 3 338.18861 J954 100143437 04/12/2025 Ej.1 26000.00 22/07/2014 Libro   DEWEY     Libro   Claustro Claustro Mezanine 22/07/2014 12 Donación 0.00